UBT Library

Handbook of neuropsychology and aging / (Record no. 42111)

000 -LEADER
fixed length control field 00817cam a2200241 a 4500
001 - CONTROL NUMBER
control field 2596950
005 - DATE AND TIME OF LATEST TRANSACTION
control field 20180208044247.0
008 - FIXED-LENGTH DATA ELEMENTS--GENERAL INFORMATION
fixed length control field 970303s1997 nyua b 001 0 eng
010 ## - LIBRARY OF CONGRESS CONTROL NUMBER
LC control number 97012001
020 ## - INTERNATIONAL STANDARD BOOK NUMBER
International Standard Book Number 0306454602
040 ## - CATALOGING SOURCE
Original cataloging agency DLC
Transcribing agency DLC
Modifying agency DLC
041 ## - LANGUAGE CODE
Language code of text/sound track or separate title eng
080 ## - UNIVERSAL DECIMAL CLASSIFICATION NUMBER
Universal Decimal Classification number 618.9768
082 00 - DEWEY DECIMAL CLASSIFICATION NUMBER
Classification number 618.9768 NUS
Edition number 21
100 ## - Rafti
Rafti 7
101 ## - Shkurtesa
Shkurtesa NEU
245 00 - TITLE STATEMENT
Title Handbook of neuropsychology and aging /
Statement of responsibility, etc edited by Paul David Nussbaum.
246 30 - VARYING FORM OF TITLE
Title proper/short title Neuropsychology and aging
504 ## - BIBLIOGRAPHY, ETC. NOTE
Bibliography, etc Includes bibliographical references and index.
906 ## - LOCAL DATA ELEMENT F, LDF (RLIN)
a 7
b cbc
c orignew
d 1
e ocip
f 19
g y-gencatlg
942 ## - ADDED ENTRY ELEMENTS (KOHA)
Source of classification or shelving scheme
Item type Books
Holdings
Withdrawn status Lost status Source of classification or shelving scheme Damaged status Not for loan Collection code Permanent location Current location Shelving location Date acquired Total Checkouts Full call number Barcode Date last seen Price effective from Koha item type
          Koleksioni i përgjithshem UBT - Lipjan UBT - Lipjan Koleksioni i përgjithshem 02/08/2018   618.9768 NUS 002-2998633 02/08/2018 02/08/2018 Books
UBT Library © 2015-2024. All rights reserved University Education for Business and Technology